Score 0/30 Timer 06:00
1 Play Today
Question Answer % Correct
What do they call a quarter pounder with cheese in France?Royale with cheese
76.3%
Where has Vincent just recently returned from?Amsterdam
61.8%
What burger place are Brett and his pals eating when Jules and Vince arrive?Big Kahuna Burger
55.7%
Who was Vince and Mia's waitress/waiter at Jack Rabbit Slims?Buddy Holly
52.4%
What relation to Butch is the first person who bought the gold watch?Great-Grandfather
49.4%
What was the name of the pilot Mia was in?Fox Force Five
49.1%
What song performed by Urge Overkill does Mia play when she and Vince get back from dinner?Girl, You'll Be A Woman Soon
37%
Who says the first line of the film, 'Forget it. It's too risky.'?Ringo
36.8%
How many piercings does Jody say she has?18
36.2%
What Bible verse does Jules reference before killing people?Ezekiel 25:17
32.6%
What kind of cigarettes does Butch buy at Marsellus's club?Red Apples
30.9%
What is Jimmie's wife's name?Bonnie Dimmick
30.9%
Where in L.A. is Jules from?Inglewood
30.2%
How long was Vincent gone on his trip?3 years
27.5%
How much money is in Jules's wallet that he gives to Ringo?1500 dollars
25.1%
Question Answer % Correct
What song performed by Chuck Berry do Mia and Vince do the twist to?You Never Can Tell
24.3%
What is Butch's cab drivers name?Esmarelda Villalobos
22.3%
Who does Marsellus throw out of a window according to Jules?Antwan Rockamora
21.7%
What is the heroin called that Vincent buys?Choco
18.7%
'You ain't my friend, ____.'palooka
16%
What flavor poptarts does Butch put in the toaster when he goes back to his apartment for his gold watch?Frosted Cinnamon
15.1%
What is the name of Butch's girlfriend?Fabienne
11.2%
Young Butch is told a story by Christopher Walken about a gold watch. What is Walken's characters name?Captain Koons
10.8%
What is Christopher Walken's character's son's name?Jim
8.9%
What time do Jules and Vince end up entering the apartment?7:22 A.M.
7.5%
What kind of cereal is Lance eating when Vince is bringing Mia over after she overdosed?Fruit Brute
5.6%
Where in L.A. is Vincent from?Redondo
5.1%
Young Butch is watching a cartoon. What is the name of it?Clutch Cargo
2.8%
What are the hours of operation at Marsellus's club?Noon - 2 A.M.
2.6%
What is the apartment number that Vince and Jules go to?416
1.6%

You're not logged in!

Compare scores with friends on all Sporcle quizzes.
OR
Log In

Sporcle TV

Today on Sporcle TV


Watch our educational content, quiz creation guides, and fun videos on Sporcle TV.

Show Comments

Extras

Top Quizzes Today


Score Distribution

Paid Content

Your Account Isn't Verified!

In order to create a playlist on Sporcle, you need to verify the email address you used during registration. Go to your Sporcle Settings to finish the process.

Report this User

Report this user for behavior that violates our Community Guidelines.

Details: